Choices : elementary student´s book /
Guardado en:
| Autor Principal: | |
|---|---|
| Otros Autores: | |
| Formato: | Libro |
| Publicado: |
Londres :
Pearson,
2013
|
| Materias: | |
| Etiquetas: |
Agregar Etiqueta
Sin Etiquetas, Sea el primero en etiquetar este registro!
|
| LEADER | 00551nam a22001935a 4500 | ||
|---|---|---|---|
| 001 | CEM.cems014814 | ||
| 005 | 20171027142809.0 | ||
| 008 | 130507s2013##################000#0#####d | ||
| 003 | CEMS | ||
| 020 | |a 9781408242025 | ||
| 082 | 0 | 4 | |a 428.64 |
| 100 | 1 | |a Harris, Michael | |
| 245 | 1 | 0 | |a Choices : |b elementary student´s book / |c Michael Harris y Anna Sikorzynska |
| 260 | |a Londres : |b Pearson, |c 2013 | ||
| 300 | |a 128 p. | ||
| 653 | |a Inglés | ||
| 653 | |a Texto | ||
| 700 | 1 | |a Sikorzynska, Anna | |
| 859 | |a CEMS |b BIB. CEMS - 11 de abril |h 428.64 |i H242-4 |p 27400.17 |t Ej.1 | ||
